1392 1397 1865 1968 1801 1836 1057 1296 1344 1783 1974 1039 1217 1557 1565 1720 1520 1270 1679 1410 1343 1272 1883 1159 1258 1945 1920 1807 1555 1677 1279 1076 1512 1185 1585 1670 1841 1328 1511 1950 1431 1000 1878 1489 1170 1553 1562 1249 1976 1264 1029 1488 1877 1593 1305 1156 1436 1087 1965 1748 1742 1585 1929 1377 1269 1465 1577 1169 1771 1841 1305 1812 1154 1056 1476 1253 1103 1522 1673 1937 1542 1240 1355 1571 1171 1201 1409 1218 1913 1682 1077 1607 1774 1213 1028 1387 1552 1689 1036 BCNSPRNW ULIB Ver.6.0+V

เปลี่ยนเป็นภาษาไทย

Change to English
 แสดงรายละเอียดบรรณานุกรม
  กลับหน้าหลัก

Brief Record : Get Marc (ISO 2709) : E-mail record : QR code < ปิดหน้าต่าง
LEADER : 00000nam 2200000uu 4500
001    13399113575
003     ULIB
008    020711s2551 th a 000 0 tha d
020    ^a9789741373604
090    นว.P111ห 2551
100    ^aPink devil
245    ^aหนุ่มแสบสาววุ่น ชุลมุนโรงเรียนปีศาจ 3/^cPink devil
250    ^aพิมพ์ครั้งที่ 1
260    ^aกรุงเทพฯ :^bZ-Girl Fantasy,^c2551
300    ^a472 หน้า
945    ^p270^l0^i024500
999 ^a ทศพร
รายการนี้ยังไม่มีแท็ก
คุณยังไม่ได้ล็อกอิน คุณสามารถมีกิจกรรมร่วมกับเว็บไซต์ได้ แต่ต้องล็อกอินก่อน ::
  ล็อกอิน

รายการสื่อสารสนเทศ

ลำดับที่ ประเภท เลขเรียก/บาร์โค้ด สถานที่ สถานะ
1. นวนิยาย
นวนิยาย
นว.P111ห 2551 ฉ.1 
  Barcode: 024500
ห้องสมุดวิทยาเขตสวรรค์ประชารักษ์
►นวนิยาย
บนชั้น
  ขอยืม

BibComment


ยังไม่เคยถูกคอมเมนท์

คอมเมนท์ทรัพยากรรายการนี้
  คอมเมนท์: หนุ่มแสบสาววุ่น ..


 Copyright 2026. Bcnsprnw @Library